| 000 | 00851cab a2200337 4500 | ||
|---|---|---|---|
| 001 | ABS59158 | ||
| 008 | 090401t1998 xxu||||| |||| 00| 0 eng d | ||
| 035 | _a(Sirsi) u88133 | ||
| 041 | _aeng | ||
| 245 | _aRegional survey: Lancashire | ||
| 260 | _c1998 | ||
| 350 | _a0 | ||
| 490 |
_aProperty Week _v63(17) 14 August 1998, 28-38(5) |
||
| 650 | _aBLACKBURN | ||
| 650 | _aBLACKPOOL | ||
| 650 | _aBURNLEY | ||
| 650 | _aECONOMY | ||
| 650 | _aINDUSTRIAL SECTOR | ||
| 650 | _aINVESTMENT | ||
| 650 | _aLANCASHIRE STRUCTURE PLAN | ||
| 650 | _aLANCASHIRE | ||
| 650 | _aLANCASTER | ||
| 650 | _aLAND PRICES | ||
| 650 | _aOFFICE SECTOR | ||
| 650 | _aPRESTON | ||
| 650 | _aRETAIL SECTOR | ||
| 650 | _aRETAIL WAREHOUSE SECTOR | ||
| 690 | _aPROPERTY-COMMERCIAL PROPERTY-COMMERCIAL PROPERTY MARKET | ||
| 942 | _n0 | ||
| 948 | _c26/08/1998 | ||
| 999 |
_c55672 _d55672 |
||